Shift-share analysis of employment growth - the case of the V4 countries

Skúmanie zmien zamestnanosti s pomocou metódy shift-share analýzy. Táto analýza umožňuje rozklad rastu zamestnanosti na základe miešaného sektorového efektu, konkurenčného efektu a reziduálneho efektu. Literárny prehľad o vývoji na trhu práce krajín V4, identifikácia hybných síl rastu zamestnanosti...

Descrizione completa

Salvato in:
Dettagli Bibliografici
Autore principale: Bielik, Peter
Altri autori: Rajčániová, Miroslava
Natura: Capitolo di libro
Lingua:inglese
Soggetti:
Tags: Aggiungi Tag
Nessun Tag, puoi essere il primo ad aggiungerne!!

MARC

LEADER 00000naa$a2200000$$$4500
001 0082055
005 20231129065638.8
041 0 |a eng 
044 |a CZ 
245 1 0 |a Shift-share analysis of employment growth - the case of the V4 countries  |c Peter Bielik, Miroslava Rajčániová 
520 |a Skúmanie zmien zamestnanosti s pomocou metódy shift-share analýzy. Táto analýza umožňuje rozklad rastu zamestnanosti na základe miešaného sektorového efektu, konkurenčného efektu a reziduálneho efektu. Literárny prehľad o vývoji na trhu práce krajín V4, identifikácia hybných síl rastu zamestnanosti krajín V4 v období 1994-2006, sumarizácia výsledkov analýzy. 
610 2 0 |a zamestnanosť 
610 2 0 |a vývoj 
610 2 0 |a 1994-2006 
610 2 0 |a analýzy 
610 2 0 |a Vyšehradská štvorka 
100 1 |a Bielik, Peter 
700 1 |a Rajčániová, Miroslava